Trasferencia de tecnología /

Guardado en:
Autor Principal: Slame, María Cristina.
Formato: Libro
Idioma:Spanish
Publicado: Buenos Aires : Ediciones Depalma, 1982.
Materias:
Etiquetas: Agregar Etiqueta
Sin Etiquetas, Sea el primero en etiquetar este registro!
LEADER 00925nam a2200241 a 4500
001 EIQ.libpla004456
008 860425s1982####ag#######b####001#0#spa##
005 20140618113737.0
245 1 0 |a Trasferencia de tecnología /  |c María Cristina Slame ; prólogo del Dr. Luis García Martínez. 
260 |a Buenos Aires :  |b Ediciones Depalma,  |c 1982. 
300 |a xv, 129 p. ;  |c 23 cm. 
504 |a Bibliografía: p. 121. 
500 |a Incluye índice. 
020 |z 9501400394 
100 1 |a Slame, María Cristina. 
650 0 |a Technology transfer  |x Law and legislation  |z Argentina. 
650 0 |a License agreements  |x Foreign licensing agreements 
650 0 |a Acuerdos de licencias extranjeras  |x Acuerdos de licencias 
650 0 |a Transferencia de tecnología  |x Leyes y legislación  |z Argentina. 
010 |a  82220009  
040 |a DLC  |c DLC  |d DLC 
050 0 0 |a KHA1660  |b .S57 1982 
859 |a AR-BbSID  |b BIB. PLAPIQUI  |h 346.0486  |i Sl11  |p 4083